[Event "Madrid-ch Previa A"]
[Site "Madrid"]
[Date "2023.02.21"]
[Round "8.1"]
[White "Garcia Fernandez, Jesus"]
[Black "Martin Rodriguez, Emilio"]
[Result "1/2-1/2"]
[WhiteElo "1910"]
[BlackElo "1979"]
[PlyCount "104"]
[EventDate "2023.02.06"]
[EventType "swiss"]
[EventRounds "9"]
[EventCountry "ESP"]
[SourceTitle "EXT 2024"]
[Source "ChessBase"]
[SourceDate "2023.10.10"]
[SourceVersion "1"]
[SourceVersionDate "2023.10.10"]
[SourceQuality "1"]

1. d4 d5 2. c4 c6 3. Nf3 Nf6 4. Qc2 g6 5. Bf4 Bg7 6. e3 0-0 7. h3 Na6 8. Nc3 Bf5 9. Qb3 Qb6 10. Be2 Nb4 11. 0-0 Nc2 12. Rac1 Qxb3 13. axb3 Nb4 14. Rfd1 Bc2 15. Rd2 Bxb3 16. c5 Rfc8 17. Bd1 Bxd1 18. Rdxd1 Nd7 19. Ra1 b5 20. Ra5 f6 21. Bg3 e5 22. Rda1 a6 23. Na2 Nxa2 24. R5xa2 Kf7 25. Rxa6 Rxa6 26. Rxa6 Ke6 27. b4 Bf8 28. dxe5 fxe5 29. Ng5+ Kf5 30. Nxh7 Bh6 31. Ra7 Ke6 32. Bh4 e4 33. Bg5 Bg7 34. Bf4 Bf6 35. Rxd7 Kxd7 36. Nxf6+ Ke6 37. Ng4 Ra8 38. Bc7 Ra1+ 39. Kh2 Rb1 40. Ba5 Rb3 41. g3 d4 42. exd4 Kd5 43. Ne5 Rb2 44. Kg1 Rb1+ 45. Kg2 g5 46. Nf7 Rb2 47. Kg1 Rb1+ 48. Kg2 Rb2 49. Kf1 Rb1+ 50. Ke2 Rb2+ 51. Kf1 Rb1+ 52. Kg2 Rb2 1/2-1/2

[Event "ESP-ch Amateurs U2000"]
[Site "Murcia"]
[Date "2022.09.01"]
[Round "4.3"]
[White "Selva Salvador, Antonio"]
[Black "Garcia Fernandez, Jesus"]
[Result "1/2-1/2"]
[WhiteElo "1982"]
[BlackElo "1868"]
[PlyCount "83"]
[EventDate "2022.08.30"]
[EventType "swiss"]
[EventRounds "7"]
[EventCountry "ESP"]
[SourceTitle "EXT 2024"]
[Source "ChessBase"]
[SourceDate "2023.10.10"]
[SourceVersion "1"]
[SourceVersionDate "2023.10.10"]
[SourceQuality "1"]

1. d4 d5 2. Bf4 Nf6 3. e3 c5 4. c3 Nc6 5. Nd2 Qb6 6. Qb3 c4 7. Qxb6 axb6 8. e4 b5 9. e5 Nh5 10. Be3 g6 11. Be2 Ng7 12. Bf3 e6 13. Ne2 b4 14. 0-0 Be7 15. g4 Bd7 16. Rfb1 0-0 17. a3 bxc3 18. Nxc3 Na5 19. Be2 b5 20. b4 Nb7 21. Rb2 Ra7 22. Rba2 Rfa8 23. Kg2 Ne8 24. Kg3 Nc7 25. h4 Nd8 26. f4 Nc6 27. Bf3 f5 28. h5 Kg7 29. hxg6 hxg6 30. gxf5 gxf5 31. Bg2 Rh8 32. Nf3 Nd8 33. Rh1 Rxh1 34. Bxh1 Nf7 35. Ne1 Nh6 36. Bf3 Na8 37. Nc2 Nb6 38. Bd2 Ra8 39. Ra1 Rg8 40. Rh1 Kf7+ 41. Kf2 Ng4+ 42. Bxg4 1/2-1/2

[Event "Collado Villalba op 38th"]
[Site "Collado Villalba"]
[Date "2021.08.29"]
[Round "9"]
[White "Garcia Fernandez, Jesus"]
[Black "Gonzalez Pinar, Adrian"]
[Result "1-0"]
[WhiteElo "1900"]
[BlackElo "1961"]
[PlyCount "101"]
[EventDate "2021.08.21"]
[EventType "swiss"]
[EventRounds "9"]
[EventCountry "ESP"]
[SourceTitle "EXT 2022"]
[Source "ChessBase"]
[SourceDate "2021.10.06"]
[SourceVersion "1"]
[SourceVersionDate "2021.10.06"]
[SourceQuality "1"]

1. d4 e6 2. c4 Nf6 3. Nf3 d5 4. g3 Be7 5. Bg2 Ne4 6. 0-0 f5 7. Qc2 Nc6 8. Bf4 Bf6 9. Rd1 g5 10. Be3 h5 11. Nc3 h4 12. Qb3 hxg3 13. hxg3 f4 14. gxf4 gxf4 15. Bxf4 Bg5 16. Nxg5 Nxg5 17. cxd5 Nh3+ 18. Bxh3 e5 19. Bg3 Nxd4 20. Rxd4 exd4 21. Bxc8 Qxc8 22. Qa4+ Kd8 23. Qxd4 Qh3 24. Qe4 Kd7 25. Qe6+ Qxe6 26. dxe6+ Kxe6 27. Bxc7 Rh7 28. Bg3 Rd7 29. e4 Rd2 30. Nd5 Rc8 31. Nc7+ Kd7 32. Nb5 Rc5 33. Nc3 b5 34. Rb1 b4 35. Nd5 a5 36. a3 Rb5 37. axb4 axb4 38. Bf4 Rc2 39. Rd1 Kc8 40. Rc1 Rxc1+ 41. Bxc1 Rc5 42. Bd2 b3 43. Bc3 Kd7 44. f4 Ke6 45. f5+ Kf7 46. Kf2 Rc4 47. Ke3 Ra4 48. Kd3 Kf8 49. Bb4+ Kf7 50. Kc3 Ra1 51. Kxb3 1-0

[Event "Collado Villalba op 38th"]
[Site "Collado Villalba"]
[Date "2021.08.23"]
[Round "3"]
[White "Paniagua Quinones, Carlos"]
[Black "Garcia Fernandez, Jesus"]
[Result "0-1"]
[WhiteElo "1614"]
[BlackElo "1900"]
[PlyCount "78"]
[EventDate "2021.08.21"]
[EventType "swiss"]
[EventRounds "9"]
[EventCountry "ESP"]
[SourceTitle "CBM 204 Extra"]
[Source "ChessBase"]
[SourceDate "2021.11.30"]
[SourceVersion "1"]
[SourceVersionDate "2021.11.30"]
[SourceQuality "1"]

1. e4 c6 2. d4 d5 3. Nc3 dxe4 4. Nxe4 Bf5 5. Ng3 Bg6 6. Nf3 Nd7 7. Bd3 e6 8. 0-0 Ngf6 9. Bg5 Be7 10. Re1 Qa5 11. Qe2 Bxd3 12. Qxd3 h6 13. Bxf6 gxf6 14. c3 h5 15. b4 Qc7 16. Qe3 h4 17. Nf5 Bf8 18. N5xh4 Bh6 19. Qe2 0-0-0 20. a4 Rdg8 21. g3 Bg5 22. Kh1 Bxh4 23. Nxh4 f5 24. f4 Nf6 25. Qe5 Ne4 26. Qxc7+ Kxc7 27. Re3 Rxh4 28. Rxe4 Rxg3 29. Re2 Rxc3 30. Rg1 Kd6 31. Rg7 Rc1+ 32. Kg2 Rg4+ 33. Rxg4 fxg4 34. b5 Rc4 35. bxc6 bxc6 36. Kg3 f5 37. Kh4 Rxa4 38. Kg5 Rxd4 39. Ra2 c5 0-1

[Event "Madrid-ch Previa-B"]
[Site "Madrid"]
[Date "2021.02.19"]
[Round "6"]
[White "Garcia Fernandez, Jesus"]
[Black "Del Castillo Izquierdo, Jose"]
[Result "1-0"]
[WhiteElo "1808"]
[BlackElo "1701"]
[PlyCount "75"]
[EventDate "2021.02.04"]
[EventType "swiss"]
[EventRounds "9"]
[EventCountry "ESP"]
[SourceTitle "EXT 2022"]
[Source "ChessBase"]
[SourceDate "2021.10.06"]
[SourceVersion "1"]
[SourceVersionDate "2021.10.06"]
[SourceQuality "1"]

1. d4 Nf6 2. Bf4 d5 3. e3 c5 4. c3 Qb6 5. Qb3 Nc6 6. Nd2 Bf5 7. dxc5 Qxb3 8. axb3 e5 9. Bg3 Bxc5 10. Bb5 Nd7 11. Ngf3 f6 12. 0-0 0-0 13. b4 Bb6 14. Rfd1 a6 15. Ba4 Bd3 16. Bb3 Ne7 17. e4 Kh8 18. exd5 Ng6 19. Nc4 e4 20. Nxb6 Nxb6 21. Nd4 f5 22. Bd6 Rf6 23. Bc7 Nc8 24. c4 b6 25. Nc6 Nf8 26. Bd8 Rf7 27. Ne5 Rd7 28. Nxd7 Nxd7 29. Rxd3 exd3 30. Rd1 Nd6 31. Be7 Ne4 32. f3 Nef6 33. Rxd3 a5 34. c5 axb4 35. c6 Nc5 36. Bxc5 bxc5 37. d6 Rd8 38. c7 1-0

[Event "Madrid-ch Previa-B"]
[Site "Madrid"]
[Date "2021.02.06"]
[Round "3"]
[White "Rey Martinez, Jaime"]
[Black "Garcia Fernandez, Jesus"]
[Result "0-1"]
[WhiteElo "1910"]
[BlackElo "1808"]
[PlyCount "44"]
[EventDate "2021.02.04"]
[EventType "swiss"]
[EventRounds "9"]
[EventCountry "ESP"]
[SourceTitle "EXT 2022"]
[Source "ChessBase"]
[SourceDate "2021.10.06"]
[SourceVersion "1"]
[SourceVersionDate "2021.10.06"]
[SourceQuality "1"]

1. e4 c6 2. Nf3 d5 3. Nc3 Bg4 4. h3 Bxf3 5. Qxf3 e6 6. d4 dxe4 7. Qxe4 Nf6 8. Qd3 Nbd7 9. Bf4 Be7 10. Be2 Qa5 11. g4 Nd5 12. Bd2 Nb4 13. Qg3 Nxc2+ 14. Kd1 Nxa1 15. Nb5 Qxa2 16. Nc7+ Kd8 17. Bc4 Qxc4 18. Nxa8 Qb3+ 19. Ke2 Qxg3 20. fxg3 Nb3 21. Bf4 Nxd4+ 22. Kd3 e5 0-1

[Event "Madrid-ch Previa-B"]
[Site "Madrid"]
[Date "2021.02.05"]
[Round "2"]
[White "Garcia Fernandez, Jesus"]
[Black "Martinez Garcia, Ruben"]
[Result "1-0"]
[WhiteElo "1808"]
[BlackElo "1626"]
[PlyCount "91"]
[EventDate "2021.02.04"]
[EventType "swiss"]
[EventRounds "9"]
[EventCountry "ESP"]
[SourceTitle "EXT 2022"]
[Source "ChessBase"]
[SourceDate "2021.10.06"]
[SourceVersion "1"]
[SourceVersionDate "2021.10.06"]
[SourceQuality "1"]

1. d4 Nf6 2. Bf4 d5 3. e3 e6 4. Nf3 c5 5. c3 Nc6 6. Nbd2 Bd6 7. Bg3 0-0 8. Bd3 Re8 9. Ne5 Bxe5 10. dxe5 Nd7 11. f4 c4 12. Bc2 Qb6 13. 0-0 g6 14. Rf3 Nc5 15. Bh4 Ne7 16. Bf6 Nd7 17. Rh3 Nf5 18. Nf1 Nxf6 19. exf6 e5 20. g4 Qxf6 21. gxf5 Bxf5 22. Bxf5 Qxf5 23. Qf3 exf4 24. exf4 Re4 25. Ne3 Qe6 26. f5 Qb6 27. Rf1 Rae8 28. fxg6 Qxe3+ 29. Qxe3 Rxe3 30. gxf7+ Kg7 31. Rxe3 Rf8 32. Rg3+ Kh8 33. Rg8+ Rxg8+ 34. fxg8Q+ Kxg8 35. Rf5 b5 36. Rxd5 a6 37. Rd6 a5 38. Ra6 b4 39. Rxa5 bxc3 40. bxc3 Kf7 41. Rd5 Ke6 42. Rd4 h5 43. a4 h4 44. a5 h3 45. a6 Ke5 46. a7 1-0

[Event "San Sebastian op 38th"]
[Site "San Sebastian"]
[Date "2015.03.29"]
[Round "2"]
[White "Garcia Fernandez, Jesus"]
[Black "Buiza Prieto, Eihartze"]
[Result "0-1"]
[WhiteElo "1863"]
[BlackElo "2107"]
[PlyCount "38"]
[EventDate "2015.03.28"]
[EventType "swiss"]
[EventRounds "9"]
[EventCountry "ESP"]
[SourceTitle "CBM 165 Extra"]
[Source "ChessBase"]
[SourceDate "2015.04.21"]
[SourceVersion "1"]
[SourceVersionDate "2015.04.21"]
[SourceQuality "1"]

1. d4 d5 2. e4 dxe4 3. Nc3 Nf6 4. f3 exf3 5. Nxf3 e6 6. Bd3 Be7 7. 0-0 0-0 8. Kh1 Nbd7 9. Qe1 Re8 10. Ne5 c5 11. Qh4 cxd4 12. Nxf7 Kxf7 13. Bxh7 Rh8 14. Ne4 Nf8 15. Qh5+ g6 16. Ng5+ Kg7 17. Nxe6+ Bxe6 18. Bh6+ Kf7 19. Bxf8 gxh5 0-1

[Event "Madrid-ch Previa-A"]
[Site "Madrid"]
[Date "2014.02.18"]
[Round "8"]
[White "Garcia Fernandez, Jesus"]
[Black "Lozano Sanchez, Jose Antonio"]
[Result "1/2-1/2"]
[WhiteElo "1887"]
[BlackElo "1857"]
[PlyCount "55"]
[EventDate "2014.02.03"]
[EventType "swiss"]
[EventRounds "9"]
[EventCountry "ESP"]
[SourceTitle "EXT 2015"]
[Source "ChessBase"]
[SourceDate "2014.11.20"]
[SourceVersion "1"]
[SourceVersionDate "2014.11.20"]
[SourceQuality "1"]

1. d4 d5 2. e4 dxe4 3. Nc3 Nf6 4. f3 Bf5 5. fxe4 Nxe4 6. Qf3 Nd6 7. Bf4 Qc8 8. Bxd6 cxd6 9. Bb5+ Bd7 10. Nge2 a6 11. Bxd7+ Qxd7 12. 0-0 e6 13. Rae1 Nc6 14. Qf2 d5 15. Nf4 0-0-0 16. Nd3 f6 17. Na4 Qd6 18. Nac5 Re8 19. c3 a5 20. Nxe6 Rxe6 21. Qf5 Nd8 22. Nc5 g6 23. Qh3 f5 24. Nxe6 Nxe6 25. Qe3 Kd7 26. Qe2 a4 27. Qb5+ Qc6 28. Qd3 1/2-1/2

[Event "Madrid-ch Previa-A"]
[Site "Madrid"]
[Date "2014.02.12"]
[Round "6"]
[White "Garcia Fernandez, Jesus"]
[Black "Gonzalez Recas, Fernando Jose"]
[Result "1-0"]
[WhiteElo "1887"]
[BlackElo "1796"]
[PlyCount "87"]
[EventDate "2014.02.03"]
[EventType "swiss"]
[EventRounds "9"]
[EventCountry "ESP"]
[SourceTitle "EXT 2015"]
[Source "ChessBase"]
[SourceDate "2014.11.20"]
[SourceVersion "1"]
[SourceVersionDate "2014.11.20"]
[SourceQuality "1"]

1. e4 d6 2. d4 Nf6 3. Nc3 g6 4. f3 c6 5. Be3 Nbd7 6. a4 Bg7 7. Qd2 0-0 8. Bc4 Qc7 9. Nge2 Nb6 10. Bb3 Be6 11. Bxe6 fxe6 12. b3 Nbd7 13. Nf4 Kf7 14. Nd3 Rad8 15. 0-0 e5 16. dxe5 dxe5 17. Qf2 b6 18. Qh4 Kg8 19. Kh1 Rf7 20. b4 Ne8 21. Ne2 Nd6 22. Nb2 Rdf8 23. c4 Nf6 24. Nc3 Nh5 25. Rfd1 Nf4 26. Qe1 Qc8 27. Rd2 Qe6 28. Qf1 h5 29. c5 Nc8 30. Qc4 Qf6 31. Rf1 Kh7 32. Nbd1 Bh6 33. Rc2 Rd8 34. Bg1 Rff8 35. b5 Qe6 36. Qxe6 Nxe6 37. cxb6 axb6 38. bxc6 Nd4 39. Rb2 Nxc6 40. Nd5 Bg5 41. N1c3 e6 42. Nxb6 Nxb6 43. Bxb6 Rb8 44. Rfb1 1-0

[Event "Madrid-ch Previa-A"]
[Site "Madrid"]
[Date "2014.02.04"]
[Round "2"]
[White "Garcia Fernandez, Jesus"]
[Black "Leniz Martinez, Francisco"]
[Result "1/2-1/2"]
[WhiteElo "1887"]
[BlackElo "1756"]
[PlyCount "130"]
[EventDate "2014.02.03"]
[EventType "swiss"]
[EventRounds "9"]
[EventCountry "ESP"]
[SourceTitle "EXT 2015"]
[Source "ChessBase"]
[SourceDate "2014.11.20"]
[SourceVersion "1"]
[SourceVersionDate "2014.11.20"]
[SourceQuality "1"]

1. d4 c5 2. e4 cxd4 3. c3 dxc3 4. Nxc3 Nc6 5. Nf3 a6 6. Bc4 e6 7. Bf4 d6 8. 0-0 Nf6 9. Qe2 Nh5 10. Be3 Be7 11. Rfd1 Qc7 12. Rac1 0-0 13. Bb3 Nf6 14. Nd5 exd5 15. exd5 Nxd5 16. Bxd5 Qd7 17. Bxc6 bxc6 18. Ne5 Qe6 19. Nxc6 Bf6 20. b3 Re8 21. Qd2 d5 22. Qxd5 Qxd5 23. Rxd5 Be6 24. Rdd1 h6 25. Nb4 a5 26. Nd5 Be5 27. f4 Bb8 28. Kf2 Ra6 29. g3 Kh7 30. Nb6 Ba7 31. Nc4 Bxe3+ 32. Nxe3 g6 33. Nd5 Bxd5 34. Rxd5 Re7 35. Rcc5 Rea7 36. g4 Kg7 37. Kf3 Ra8 38. Rc7 R6a7 39. Rdd7 Rxc7 40. Rxc7 Ra6 41. Rc5 Ra7 42. Ke4 Kf6 43. h3 Ke7 44. Rd5 a4 45. b4 a3 46. Ra5 Rc7 47. Rxa3 Rc4+ 48. Ke5 f6+ 49. Kd5 Rxb4 50. Ra7+ Kf8 51. f5 gxf5 52. gxf5 Rh4 53. Ke6 Rxh3 54. Kxf6 Ke8 55. Kg6 h5 56. f6 Rf3 57. Ra6 h4 58. Ra8+ Kd7 59. Rh8 h3 60. Rh5 Ke6 61. f7 Rg3+ 62. Kh6 Kxf7 63. a4 Ra3 64. a5 h2 65. Rxh2 Rxa5 1/2-1/2

[Event "Collado Villalba op 28th"]
[Site "Collado Villalba"]
[Date "2011.08.29"]
[Round "7"]
[White "Garcia Fernandez, Jesus"]
[Black "Gonzalez Mateos, Rafael"]
[Result "1/2-1/2"]
[WhiteElo "1935"]
[BlackElo "2186"]
[PlyCount "118"]
[EventDate "2011.08.23"]
[EventType "swiss"]
[EventRounds "9"]
[EventCountry "ESP"]
[SourceTitle "CBM 144 Extra"]
[Source "ChessBase"]
[SourceDate "2011.10.28"]
[SourceVersion "1"]
[SourceVersionDate "2011.10.28"]
[SourceQuality "1"]

1. e4 e6 2. d4 d5 3. Nc3 Bb4 4. Bd2 Ne7 5. a3 Bxc3 6. Bxc3 0-0 7. Bd3 dxe4 8. Bxe4 Nd7 9. Nf3 Nf6 10. Bd3 Ned5 11. Bd2 b6 12. c4 Ne7 13. Qe2 Bb7 14. 0-0-0 Bxf3 15. Qxf3 Qd7 16. h4 Qc6 17. Qe2 b5 18. c5 Rab8 19. g4 Rfd8 20. g5 Nfd5 21. Be4 b4 22. Bxb4 Rxb4 23. axb4 Rb8 24. Qc2 Rxb4 25. Rh3 Qb5 26. Ra3 Rc4 27. Rc3 Nxc3 28. bxc3 Qa5 29. Kb2 Ra4 30. Qb3 g6 31. Bc2 Nd5 32. Qxa4 Qxc3+ 33. Kc1 Nb4 34. Qb3 Qa1+ 35. Kd2 Qxd4+ 36. Ke2 Qxc5 37. Rd8+ Kg7 38. Bd3 a5 39. Qb2+ e5 40. Qb3 c6 41. Qc4 Qe7 42. Ra8 h6 43. Rxa5 Nd5 44. Qxc6 Nf4+ 45. Kd2 hxg5 46. Qc5 Qd8 47. Qxe5+ Kh7 48. Ra3 Qb6 49. hxg5 Qxf2+ 50. Be2 Qb6 51. Ra1 Qd8+ 52. Ke3 Nh3 53. Rh1 Qb6+ 54. Kf3 Qf2+ 55. Kg4 Qg2+ 56. Qg3 Qxh1 57. Qxh3+ Qxh3+ 58. Kxh3 Kg7 59. Kg4 f6 1/2-1/2

[Event "Collado Villalba op 28th"]
[Site "Collado Villalba"]
[Date "2011.08.28"]
[Round "6"]
[White "Arauz Alonso, Fernando"]
[Black "Garcia Fernandez, Jesus"]
[Result "1/2-1/2"]
[WhiteElo "2123"]
[BlackElo "1935"]
[PlyCount "78"]
[EventDate "2011.08.23"]
[EventType "swiss"]
[EventRounds "9"]
[EventCountry "ESP"]
[SourceTitle "CBM 144 Extra"]
[Source "ChessBase"]
[SourceDate "2011.10.28"]
[SourceVersion "1"]
[SourceVersionDate "2011.10.28"]
[SourceQuality "1"]

1. d4 Nf6 2. Nf3 c5 3. c3 b6 4. Bg5 Bb7 5. Nbd2 d5 6. e3 g6 7. Bd3 Bg7 8. 0-0 0-0 9. Qe2 Ne4 10. Bf4 Nd7 11. Rfd1 cxd4 12. cxd4 Rc8 13. Rac1 Ndf6 14. h3 Nxd2 15. Nxd2 Qd7 16. Be5 Rxc1 17. Rxc1 Rc8 18. Qd1 Rxc1 19. Qxc1 Ne4 20. Bxg7 Kxg7 21. Bxe4 dxe4 22. Qc2 Qc6 23. Qxc6 Bxc6 24. Kf1 Bb5+ 25. Ke1 Bd3 26. Nb3 Kf6 27. Nc1 Ba6 28. Ne2 Bxe2 29. Kxe2 Ke6 30. Kd2 Kd5 31. Kc3 f5 32. h4 h6 33. g3 g5 34. hxg5 hxg5 35. Kb4 a6 36. a4 f4 37. g4 fxe3 38. fxe3 e6 39. Kb3 Kd6 1/2-1/2

[Event "Collado Villalba op 28th"]
[Site "Collado Villalba"]
[Date "2011.08.25"]
[Round "3"]
[White "Garcia Fernandez, Jesus"]
[Black "Erice Alonso, Santiago"]
[Result "0-1"]
[WhiteElo "1935"]
[BlackElo "2043"]
[PlyCount "80"]
[EventDate "2011.08.23"]
[EventType "swiss"]
[EventRounds "9"]
[EventCountry "ESP"]
[SourceTitle "CBM 144 Extra"]
[Source "ChessBase"]
[SourceDate "2011.10.28"]
[SourceVersion "1"]
[SourceVersionDate "2011.10.28"]
[SourceQuality "1"]

1. e4 c5 2. Nc3 Nc6 3. f4 g6 4. Nf3 Bg7 5. Bc4 e6 6. 0-0 Nge7 7. d3 0-0 8. Qe1 d5 9. Bb3 Rb8 10. Ne2 b5 11. c3 c4 12. Bc2 cxd3 13. Bxd3 dxe4 14. Bxe4 Qb6+ 15. Kh1 Nf5 16. Ng3 Nce7 17. Bxf5 Nxf5 18. Nxf5 exf5 19. Be3 Qc7 20. Bd4 Bxd4 21. Nxd4 Bb7 22. Qf2 Be4 23. Rac1 Rfc8 24. Rfd1 a5 25. h4 Qb7 26. h5 Qe7 27. Nf3 f6 28. Nd4 Rc7 29. Qe2 Qe8 30. b3 gxh5 31. c4 Rg7 32. Rg1 Rg4 33. Qf2 Rd8 34. Rcd1 bxc4 35. bxc4 Rd7 36. Kh2 h4 37. Rd2 Rdg7 38. Qe1 Rxf4 39. Re2 Rfg4 40. Nxf5 Qe5+ 0-1